[Event "GCT 2021 Parigi - Rapid"]
[Site "Parigi"]
[Date "18.06.2021"]
[Round "1R"]
[White "Firouzja, Alireza"]
[Black "So, Wesley"]
[Result "1/2-1/2"]
[WhiteTitle "GM"]
[BlackTitle "GM"]
[WhiteElo "2759"]
[BlackElo "2770"]
[WhiteFideId "12573981"]
[BlackFideId "5202213"]
[EventDate "2021.06.18"]

1. e4 e5 2. Nf3 Nc6 3. Bc4 Bc5 4. c3 Nf6 5. d3 d6 6. Bg5 h6 7. Bh4 a6 8. a4 Ba7
9. O-O Qe7 10. Nbd2 g5 11. Bg3 Nh7 12. b4 Nf8 13. d4 Ng6 14. b5 Na5 15. h3 h5
16. Bd5 Bb6 17. Qb1 g4 18. hxg4 hxg4 19. Nh2 Qg5 20. Qd3 Nf4 21. Qe3 Qh6 22.
Rfe1 f6 23. Bc4 Nh5 24. Nhf1 Bd7 25. Bh4 Nf4 26. g3 Qh5 27. bxa6 bxa6 28. Bd5
Rb8 29. gxf4 Qxh4 30. Ng3 Ba7 31. Ndf1 Ke7 32. fxe5 fxe5 33. Nf5+ Bxf5 34. exf5
c6 35. Bg2 Nc4 36. Qd3 d5 37. Rxe5+ Nxe5 38. Re1 Kf7 39. Rxe5 Rb2 40. Re2 Rb6
41. f6 Bb8 42. Qf5 Bh2+ 43. Nxh2 Qxh2+ 44. Kf1 Rb7 45. Bxd5+ cxd5 46. Qxd5+ Kg6
47. Qe4+ Kxf6 48. Qc6+ Kg5 49. Re5+ Qxe5 50. dxe5 Rf7 51. e6 Rf6 52. Qd7 Rhf8
53. Qg7+ Kh4 54. e7 Rxf2+ 55. Ke1 Rf1+ 56. Ke2 R1f2+ 57. Ke3 R2f3+ 58. Ke4 Re8
59. Qh6+ Kg3 60. Qd6+ Kf2 61. Qd2+ Kg3 62. Qd6+ Kh3 63. Qd7 Rff8 64. c4 Kh4 65.
Kd5 Rg8 66. Ke6 g3 67. Qd4+ Kh3 68. Qe3 Kh2 69. Qh6+ Kg1 70. Qe3+ Kh2 71. Qh6+
Kg1 72. Qe3+ 1/2-1/2

[Event "GCT 2021 Parigi - Rapid"]
[Site "Parigi"]
[Date "18.06.2021"]
[Round "1R"]
[White "Svidler, Peter"]
[Black "Vachier-Lagrave, Maxime"]
[Result "1-0"]
[WhiteTitle "GM"]
[BlackTitle "GM"]
[WhiteElo "2714"]
[BlackElo "2760"]
[WhiteFideId "4102142"]
[BlackFideId "623539"]
[EventDate "2021.06.18"]

1. e4 e6 2. d4 d5 3. Nc3 Nf6 4. e5 Nfd7 5. f4 c5 6. Nf3 Nc6 7. Be3 a6 8. a3 b5
9. Bd3 Qb6 10. Bf2 Bb7 11. O-O c4 12. Be2 g6 13. Qd2 Ne7 14. g4 h5 15. h3 Bg7
16. Kg2 f5 17. gxh5 Rxh5 18. b4 Rh8 19. a4 Bh6 20. Bh4 Nc6 21. a5 Qc7 22. Bg5
Bf8 23. Na2 Nd8 24. c3 Nf7 25. Rae1 Bg7 26. Bd1 Nf8 27. Nc1 Nh7 28. Ne2 Kd7 29.
Rh1 Rag8 30. Ng3 Kc8 31. Bc2 Bc6 32. Kf2 Bf8 33. Reg1 Be7 34. h4 Nf8 35. Bd1 Qd8
36. Ke1 Be8 37. Qe3 Nd7 38. Kd2 Nb8 39. Kc1 Nc6 40. Bxe7 Qxe7 41. Qd2 Nfd8 42.
Ng5 Nf7 43. Bf3 Kc7 44. Kb2 Ncd8 45. Nf1 Nc6 46. Ne3 Nxg5 47. fxg5 Bf7 48. Ng2
Rb8 49. Ra1 Rbg8 50. Nf4 Qe8 51. Rag1 Ne7 52. Rg3 Rg7 53. h5 gxh5 54. g6 Rxg6
55. Nxg6 Bxg6 56. Qf4 Qf8 57. Bd1 Kd7 58. Bc2 Ke8 59. Qg5 Bf7 60. Qf6 Rh6 61.
Qh4 Nc6 62. Rhg1 Rh7 63. Bd1 Nxb4 64. cxb4 Qxb4+ 65. Kc1 c3 66. Bc2 Qxa5 67. Kd1
b4 68. Rg8+ Bxg8 69. Rxg8+ Kd7 70. Ke2 b3 71. Bxb3 Qb5+ 72. Kf2 Re7 73. Ra8 Qxb3
74. Ra7+ Kc6 75. Qxe7 Qc2+ 76. Kg3 Qd3+ 77. Kh4 Qxd4+ 78. Kg5 Qxe5 79. Rxa6+ Kb5
80. Rxe6 Qg3+ 81. Kh6 Qf4+ 82. Kh7 Kc4 83. Qb7 d4 84. Qa6+ Kb3 85. Qb5+ Kc2 86.
Re2+ Qd2 87. Qa4+ Kd3 88. Rxd2+ cxd2 89. Qd1 1-0

[Event "GCT 2021 Parigi - Rapid"]
[Site "Parigi"]
[Date "18.06.2021"]
[Round "1R"]
[White "Caruana, Fabiano"]
[Black "Nepomniachtchi, Ian"]
[Result "1/2-1/2"]
[WhiteTitle "GM"]
[BlackTitle "GM"]
[WhiteElo "2820"]
[BlackElo "2792"]
[WhiteFideId "2020009"]
[BlackFideId "4168119"]
[EventDate "2021.06.18"]

1. d4 Nf6 2. Nf3 e6 3. c4 d5 4. Nc3 Bb4 5. e3 O-O 6. Bd3 c5 7. O-O cxd4 8. exd4
dxc4 9. Bxc4 b6 10. Bd3 Bb7 11. a3 Bxc3 12. bxc3 Qc7 13. c4 Be4 14. Bg5 Nbd7 15.
Re1 Bxd3 16. Qxd3 Rac8 17. Rac1 h6 18. Bh4 Nh5 19. Qb3 Rfe8 20. Qb5 Nhf6 21. a4
Qb7 22. Bg3 a6 23. Qb3 Qc6 24. h3 Ne4 25. Bf4 Nd6 26. d5 exd5 27. Rxe8+ Nxe8 28.
cxd5 Qb7 29. Rxc8 Qxc8 30. Nd4 Qc5 31. Nf5 b5 32. axb5 axb5 33. Bd2 Nd6 34. Nxd6
Qxd6 35. Qxb5 Nf6 36. Qc6 Qxd5 37. Qxd5 Nxd5 38. Kh1 Kh8 39. Kg1 Kg8 40. Kh1 Kh8
41. Kg1 Kg8 1/2-1/2

[Event "GCT 2021 Parigi - Rapid"]
[Site "Parigi"]
[Date "18.06.2021"]
[Round "1R"]
[White "Bacrot, Etienne"]
[Black "Rapport, Richard"]
[Result "1-0"]
[WhiteTitle "GM"]
[BlackTitle "GM"]
[WhiteElo "2678"]
[BlackElo "2763"]
[WhiteFideId "605506"]
[BlackFideId "738590"]
[EventDate "2021.06.18"]

1. e4 c6 2. Nf3 d5 3. Nc3 Nf6 4. e5 Nh5 5. d4 g6 6. Ne2 Ng7 7. Ng3 h5 8. Bd3 Bg4
9. h3 Bxf3 10. Qxf3 e6 11. O-O h4 12. Ne2 Be7 13. g4 c5 14. dxc5 Nd7 15. Bb5 O-O
16. Bxd7 Qxd7 17. c3 Qc7 18. b4 Qxe5 19. Bf4 Qe4 20. Qxe4 dxe4 21. Rad1 Rfd8 22.
Nd4 Bf6 23. c6 bxc6 24. Nxc6 Rxd1 25. Rxd1 Bxc3 26. b5 e5 27. Be3 Ne6 28. Bxa7
Bd4 29. Nxd4 Nxd4 30. Bxd4 exd4 31. Rxd4 Rxa2 32. Rb4 f5 33. b6 Ra8 34. b7 Rb8
35. g5 Kf7 36. f3 e3 37. Rxh4 Ke6 38. Rb4 Kd5 39. Kf1 Kc5 40. Rb1 f4 41. Ke2 Kc4
42. h4 Kc5 43. h5 gxh5 44. g6 Kc6 45. g7 Kc7 46. Rc1+ Kd7 47. Rc8 1-0

[Event "GCT 2021 Parigi - Rapid"]
[Site "Parigi"]
[Date "18.06.2021"]
[Round "2R"]
[White "So, Wesley"]
[Black "Rapport, Richard"]
[Result "1-0"]
[WhiteTitle "GM"]
[BlackTitle "GM"]
[WhiteElo "2770"]
[BlackElo "2763"]
[WhiteFideId "5202213"]
[BlackFideId "738590"]
[EventDate "2021.06.18"]

1. d4 Nf6 2. c4 e6 3. Nc3 Bb4 4. e3 c5 5. Bd3 Nc6 6. Ne2 cxd4 7. exd4 d5 8. cxd5
Nxd5 9. O-O Nf6 10. Bc2 O-O 11. a3 Bxc3 12. bxc3 e5 13. Bg5 exd4 14. Nxd4 Nxd4
15. cxd4 h6 16. Bh4 Re8 17. Qd3 Bd7 18. d5 Rc8 19. d6 g5 20. Bg3 Ne4 21. Rae1
Rc3 22. Qd1 Nxg3 23. hxg3 Rxe1 24. Rxe1 Be6 25. Qd2 Rxa3 26. Rd1 Bd7 27. Qb4 Ra2
28. Qb3 Ra5 29. Qxb7 Kg7 30. Re1 Rc5 31. Qe4 Qf6 32. Qh7+ Kf8 33. Re7 Be8 34.
Bg6 1-0

[Event "GCT 2021 Parigi - Rapid"]
[Site "Parigi"]
[Date "18.06.2021"]
[Round "2R"]
[White "Nepomniachtchi, Ian"]
[Black "Bacrot, Etienne"]
[Result "1-0"]
[WhiteTitle "GM"]
[BlackTitle "GM"]
[WhiteElo "2792"]
[BlackElo "2678"]
[WhiteFideId "4168119"]
[BlackFideId "605506"]
[EventDate "2021.06.18"]

1. e4 c5 2. Nf3 d6 3. Bb5+ Bd7 4. Bxd7+ Qxd7 5. O-O Nf6 6. Re1 Nc6 7. c3 e6 8.
d4 cxd4 9. cxd4 d5 10. e5 Ne4 11. Nbd2 Nxd2 12. Bxd2 a5 13. Rc1 a4 14. a3 Be7
15. h4 O-O 16. Rc3 Rfc8 17. Rd3 b5 18. Ng5 h6 19. Nh3 Kh8 20. Qg4 f5 21. Qg6
Bxh4 22. Qh5 Bd8 23. Bxh6 gxh6 24. Rg3 1-0

[Event "GCT 2021 Parigi - Rapid"]
[Site "Parigi"]
[Date "18.06.2021"]
[Round "2R"]
[White "Aronian, Levon"]
[Black "Caruana, Fabiano"]
[Result "1/2-1/2"]
[WhiteTitle "GM"]
[BlackTitle "GM"]
[WhiteElo "2781"]
[BlackElo "2820"]
[WhiteFideId "13300474"]
[BlackFideId "2020009"]
[EventDate "2021.06.18"]

1. d4 Nf6 2. c4 e6 3. Nf3 d5 4. Nc3 Bb4 5. Qa4+ Nc6 6. e3 O-O 7. Qc2 Re8 8. Bd2
Bf8 9. a3 b6 10. cxd5 exd5 11. Bb5 Bd7 12. Nxd5 Nxd4 13. Nxf6+ Qxf6 14. Nxd4
Qxd4 15. O-O-O Qd5 16. Bd3 g6 17. Bc3 Qc6 18. h4 Bg7 19. Bxg7 Kxg7 20. Bc4 Bf5
21. Qc3+ Qf6 22. Qxf6+ Kxf6 23. Rd4 Rad8 24. Rhd1 Rxd4 25. Rxd4 c5 26. Rf4 Re4
27. Rxe4 Bxe4 28. g3 Bc6 29. Bd3 a5 30. f4 b5 31. b4 cxb4 32. axb4 axb4 33. Kc2
Bd5 34. e4 Bc4 35. e5+ Ke6 36. Be4 h6 37. Kb2 Kd7 38. g4 Ke6 39. g5 h5 40. Kc2
Bd5 41. Bd3 Bc4 42. Be4 Bd5 43. Bd3 Bc4 1/2-1/2

[Event "GCT 2021 Parigi - Rapid"]
[Site "Parigi"]
[Date "18.06.2021"]
[Round "2R"]
[White "Vachier-Lagrave, Maxime"]
[Black "Radjabov, Teimour"]
[Result "1-0"]
[WhiteTitle "GM"]
[BlackTitle "GM"]
[WhiteElo "2760"]
[BlackElo "2765"]
[WhiteFideId "623539"]
[BlackFideId "13400924"]
[EventDate "2021.06.18"]

1. e4 e5 2. Nf3 Nc6 3. Bb5 Nf6 4. d3 Bc5 5. c3 O-O 6. Nbd2 d6 7. O-O Bb6 8. Bxc6
bxc6 9. h3 Ba6 10. Qc2 c5 11. Re1 h6 12. Nf1 Re8 13. Ng3 Qd7 14. Be3 c6 15. Rad1
Qe6 16. b3 Rad8 17. Nh4 d5 18. c4 Rd7 19. Nhf5 Red8 20. Qc1 Bb7 21. Bxh6 gxh6
22. Qxh6 Ne8 23. Qg5+ Kf8 24. Qh4 f6 25. Re3 Qg8 26. Qh6+ Kf7 27. Qh5+ Qg6 28.
Nh6+ Kg7 29. Ngf5+ Kh7 30. Qe2 Rg7 31. Rg3 Qxh6 32. Nxh6 Kxh6 33. Rf1 Bc7 34.
Qe3+ Kh7 35. Rxg7+ Kxg7 36. Qxc5 dxe4 37. Qxa7 Nd6 38. dxe4 Ra8 39. Qe3 Rxa2 40.
Rd1 Ra8 41. c5 1-0

[Event "GCT 2021 Parigi - Rapid"]
[Site "Parigi"]
[Date "18.06.2021"]
[Round "2R"]
[White "Firouzja, Alireza"]
[Black "Svidler, Peter"]
[Result "1/2-1/2"]
[WhiteTitle "GM"]
[BlackTitle "GM"]
[WhiteElo "2759"]
[BlackElo "2714"]
[WhiteFideId "12573981"]
[BlackFideId "4102142"]
[EventDate "2021.06.18"]

1. Nf3 d5 2. d4 Nf6 3. Bf4 e6 4. e3 c5 5. Nbd2 Nc6 6. c3 Bd6 7. Bg3 O-O 8. Bd3
b6 9. e4 Be7 10. e5 Nh5 11. Ng5 Bxg5 12. Qxh5 h6 13. Nf3 cxd4 14. h4 Be7 15. Bf4
f5 16. Bxh6 Qe8 17. Qxe8 Rxe8 18. Bb5 Bd7 19. Bxc6 Bxc6 20. Nxd4 Bd7 21. Bg5 Bc5
22. Rd1 b5 23. h5 Kf7 24. Ke2 Rh8 25. Be3 Be7 26. f3 g5 27. hxg6+ Kxg6 28. Rdg1
Rxh1 29. Rxh1 Bf8 30. g4 fxg4 31. fxg4 a5 32. Kf2 Bg7 33. Rh5 b4 34. Nb3 bxc3
35. bxc3 Rf8+ 36. Kg3 Rh8 37. Rg5+ Kf7 38. Nc5 Bc8 39. Bd4 Bf8 40. Nd3 Ba6 41.
Nf4 Bh6 42. Rh5 Bxf4+ 43. Kxf4 Rxh5 44. gxh5 a4 45. a3 Be2 46. Kg5 Bd1 47. Bb6
Be2 48. Bd8 Bd1 49. Bf6 Be2 50. h6 Bd3 51. Kf4 Kg6 52. Ke3 Bc2 53. Bg7 Bb3 54.
Kd4 Bc2 55. Kc5 Kh7 56. Kd6 Bf5 57. Ke7 Bg4 1/2-1/2

[Event "GCT 2021 Parigi - Rapid"]
[Site "Parigi"]
[Date "18.06.2021"]
[Round "3R"]
[White "Svidler, Peter"]
[Black "So, Wesley"]
[Result "1/2-1/2"]
[WhiteTitle "GM"]
[BlackTitle "GM"]
[WhiteElo "2714"]
[BlackElo "2770"]
[WhiteFideId "4102142"]
[BlackFideId "5202213"]
[EventDate "2021.06.18"]

1. e4 e5 2. Nf3 Nc6 3. Bc4 Bc5 4. c3 Nf6 5. d3 d6 6. O-O h6 7. Re1 O-O 8. h3 Bb6
9. Nbd2 Ne7 10. a4 c6 11. d4 Ng6 12. Bf1 Re8 13. Qc2 Bc7 14. dxe5 Nxe5 15. Nxe5
dxe5 16. Nc4 a5 17. Be3 Be6 18. b4 Bxc4 19. Bxc4 Bb6 20. Rad1 Qc7 21. Bc1 Red8
22. g3 Qe7 23. bxa5 Rxd1 24. Rxd1 Rxa5 25. Kg2 Ra8 26. Bb3 Bc5 27. Qd3 Bb6 28.
Qf3 Rd8 29. Rxd8+ Qxd8 30. g4 Qd7 31. Bxh6 Nxg4 32. Qxg4 Qxg4+ 33. hxg4 gxh6 34.
Kf3 Ba5 35. c4 Kf8 36. Ke2 Ke7 37. Kd3 Bb6 38. f3 Kd6 39. Bd1 Kc5 40. Bc2 Kb4
41. Bd1 Ka3 42. Bc2 Kb2 43. Bd1 Kc1 44. Bb3 Kb2 45. Bd1 Kc1 46. Bb3 Kb2 1/2-1/2

[Event "GCT 2021 Parigi - Rapid"]
[Site "Parigi"]
[Date "18.06.2021"]
[Round "3R"]
[White "Radjabov, Teimour"]
[Black "Firouzja, Alireza"]
[Result "1-0"]
[WhiteTitle "GM"]
[BlackTitle "GM"]
[WhiteElo "2765"]
[BlackElo "2759"]
[WhiteFideId "13400924"]
[BlackFideId "12573981"]
[EventDate "2021.06.18"]

1. d4 Nf6 2. c4 e6 3. Nf3 d5 4. Nc3 c6 5. Bg5 h6 6. Bxf6 Qxf6 7. e3 Nd7 8. Rc1
g6 9. Bd3 Qe7 10. O-O Bg7 11. Qc2 O-O 12. Rfd1 dxc4 13. Bxc4 c5 14. d5 Nb6 15.
b3 Nxc4 16. bxc4 b6 17. e4 exd5 18. Nxd5 Qb7 19. h3 Be6 20. Rd2 Rfe8 21. Rcd1
Rad8 22. Qa4 Bd7 23. Qc2 Bc6 24. Nh2 Kh8 25. Ng4 h5 26. Nh2 Rd7 27. Nf3 Qa6 28.
Rb1 Qa4 29. Rb3 Bb7 30. e5 Ba6 31. Nf6 Rxd2 32. Qxd2 Rf8 33. Rd3 Bxc4 34. Rd8
Qc6 35. Rxf8+ Bxf8 36. Qd8 Kg7 37. Nd7 Bd6 38. Qf6+ Kg8 39. Qxd6 Qxd6 40. exd6
Bxa2 41. Nxb6 Kf8 42. Nd7+ Ke8 43. Nxc5 a5 44. Nd4 Bd5 45. f3 g5 46. Kf2 Kd8 47.
Ke3 h4 48. Kd3 1-0

[Event "GCT 2021 Parigi - Rapid"]
[Site "Parigi"]
[Date "18.06.2021"]
[Round "3R"]
[White "Caruana, Fabiano"]
[Black "Vachier-Lagrave, Maxime"]
[Result "1/2-1/2"]
[WhiteTitle "GM"]
[BlackTitle "GM"]
[WhiteElo "2820"]
[BlackElo "2760"]
[WhiteFideId "2020009"]
[BlackFideId "623539"]
[EventDate "2021.06.18"]

1. d4 Nf6 2. Nf3 g6 3. Nc3 d5 4. Bf4 Bg7 5. e3 O-O 6. Be2 Bg4 7. Ne5 Bxe2 8.
Qxe2 c5 9. O-O-O Nc6 10. h4 cxd4 11. exd4 Rc8 12. h5 Nb4 13. hxg6 fxg6 14. Nd3
Nxd3+ 15. Rxd3 Qd7 16. Be5 Ng4 17. Bg3 Nh6 18. Kb1 Rc6 19. Qd2 Nf7 20. Bf4 Nd6
21. Bxd6 Rxd6 22. f3 Qf5 23. g3 e6 24. a3 Rc6 25. Ne2 Rfc8 26. c3 b5 27. g4 Qf7
28. f4 a5 29. Rdh3 h6 30. Qd3 b4 31. axb4 axb4 32. Rxh6 bxc3 33. Nxc3 Bxh6 34.
Rxh6 Kg7 35. Qh3 Qxf4 36. Rh7+ Kf8 37. Rh8+ Ke7 38. Rh7+ Kd8 39. Rg7 Qf8 40.
Rxg6 Kc7 41. g5 Kb7 42. Rxe6 Rxe6 43. Qxe6 Qf1+ 44. Kc2 Qf2+ 45. Kb3 Qxd4 46.
Qd7+ Kb8 47. Qb5+ Ka7 48. Qd7+ Kb8 49. Qb5+ Ka7 50. Qd7+ Kb8 1/2-1/2

[Event "GCT 2021 Parigi - Rapid"]
[Site "Parigi"]
[Date "18.06.2021"]
[Round "3R"]
[White "Rapport, Richard"]
[Black "Nepomniachtchi, Ian"]
[Result "1/2-1/2"]
[WhiteTitle "GM"]
[BlackTitle "GM"]
[WhiteElo "2763"]
[BlackElo "2792"]
[WhiteFideId "738590"]
[BlackFideId "4168119"]
[EventDate "2021.06.18"]

1. Nf3 Nf6 2. g3 g6 3. b3 b6 4. Bg2 Bb7 5. Bb2 Bg7 6. O-O c5 7. c4 O-O 8. Nc3 d5
9. Nxd5 Nxd5 10. Bxg7 Kxg7 11. cxd5 Qxd5 12. d4 cxd4 13. Qxd4+ Qxd4 14. Nxd4
Bxg2 15. Kxg2 Rc8 16. Rac1 Na6 17. f4 Rc5 18. Rxc5 Nxc5 19. b4 Ne6 20. Nxe6+
fxe6 21. Rc1 a5 22. b5 Rd8 23. Rc6 Rd2 24. Kf3 Kf7 25. a4 Rd4 26. Rxb6 Rxa4 27.
Ra6 Ra2 28. Ke3 Ra4 29. Kd3 h6 30. h4 h5 31. e3 Kf6 32. e4 Kf7 33. e5 Kg7 34.
Rxe6 Kf7 35. Ra6 Kg7 36. Kc3 Kf7 37. Ra8 Kg7 38. Ra7 Kf7 39. Kd3 Ke6 40. Ke3 Kf7
41. Ra6 Kg7 42. Kf3 Kf7 43. Ra8 Kg7 44. Ra7 Kf7 45. Ra6 Kg7 46. b6 Rb4 47. Rxa5
Rxb6 48. Ra3 Rb1 49. Kg2 Rb2+ 50. Kh3 Rf2 51. Ra6 Kf7 52. Ra3 Kg7 53. Ra6 Kf7
54. Ra3 1/2-1/2

[Event "GCT 2021 Parigi - Rapid"]
[Site "Parigi"]
[Date "18.06.2021"]
[Round "3R"]
[White "Bacrot, Etienne"]
[Black "Aronian, Levon"]
[Result "0-1"]
[WhiteTitle "GM"]
[BlackTitle "GM"]
[WhiteElo "2678"]
[BlackElo "2781"]
[WhiteFideId "605506"]
[BlackFideId "13300474"]
[EventDate "2021.06.18"]

1. d4 Nf6 2. c4 e6 3. Nf3 d5 4. e3 Be7 5. b3 O-O 6. Bd3 c5 7. cxd5 Nxd5 8. Bb2
cxd4 9. Nxd4 e5 10. Nc2 Nc6 11. Nc3 Nxc3 12. Bxc3 Bg4 13. f3 Bh4+ 14. Ke2 Be6
15. Nb4 Nxb4 16. Bxb4 Qg5 17. g3 Rfd8 18. e4 a5 19. Bc5 f5 20. gxh4 Qg2+ 21. Bf2
fxe4 22. Bxe4 Rxd1 23. Raxd1 Qh3 24. Rhg1 Bf7 25. Rg4 Bg6 26. Bxg6 hxg6 27. Rdg1
e4 28. Rxe4 Rf8 29. Rg3 Qc8 30. Kf1 Qc2 31. Reg4 Rf6 32. h5 Qxa2 33. Rxg6 Rxg6
34. Rxg6 Qxb3 35. Kg2 a4 36. h6 Kh7 37. Rxg7+ Kxh6 38. Rd7 a3 0-1

[Event "GCT 2021 Parigi - Rapid"]
[Site "Parigi"]
[Date "19.06.2021"]
[Round "4R"]
[White "So, Wesley"]
[Black "Nepomniachtchi, Ian"]
[Result "1/2-1/2"]
[WhiteElo "2770"]
[BlackElo "2792"]
[EventDate "2021.06.18"]

1. d4 Nf6 2. c4 e6 3. Nf3 d5 4. Nc3 Bb4 5. cxd5 exd5 6. Bg5 h6 7. Bh4 O-O
8. e3 Bf5 9. Ne5 c5 10. Bd3 cxd4 11. exd4 Bxd3 12. Qxd3 Qd6 13. Bxf6 Qxf6
14. O-O Bxc3 15. Qxc3 Rd8 16. Rac1 Nc6 17. Nxc6 bxc6 18. Rfe1 Re8 19. b4
Rad8 20. Qc5 Re4 21. Rxe4 dxe4 22. Rd1 Qe6 23. Qxa7 e3 24. fxe3 Qxe3+ 25.
Kh1 Re8 26. h3 Qf2 27. a4 g5 28. Qa6 g4 29. Qf1 Qg3 30. a5 Re3 31. a6 gxh3
32. gxh3 Qxh3+ 33. Qxh3 Rxh3+ 34. Kg2 Ra3 35. d5 Rxa6 36. d6 Ra8 37. Rc1
Kf8 38. Rxc6 Ke8 39. Kf3 Kd7 40. Rc7+ Kxd6 41. Rxf7 Rb8 42. Rf6+ Kd5 43.
Rxh6 Rxb4 44. Rh5+ Kc4 45. Rh4+ Kb3 46. Rxb4+ Kxb4 1/2-1/2

[Event "GCT 2021 Parigi - Rapid"]
[Site "Parigi"]
[Date "19.06.2021"]
[Round "4R"]
[White "Aronian, Levon"]
[Black "Rapport, Richard"]
[Result "1/2-1/2"]
[WhiteElo "2781"]
[BlackElo "2763"]
[EventDate "2021.06.18"]

1. d4 Nf6 2. Nf3 b6 3. Bf4 Nh5 4. Bd2 Bb7 5. c4 e6 6. Nc3 Nf6 7. e3 c5 8.
Bd3 Be7 9. O-O O-O 10. Re1 cxd4 11. exd4 d5 12. cxd5 Nxd5 13. Nxd5 Bxd5 14.
Qc2 h6 15. Ne5 Bg5 16. Bxg5 Qxg5 17. Bh7+ Kh8 18. Be4 Qd8 19. Rac1 Bxe4 20.
Qxe4 Nd7 21. Red1 Nxe5 22. dxe5 Rc8 23. g3 Rxc1 24. Rxc1 Qd2 25. Rc2 Qd1+
26. Kg2 Qb1 27. b3 Rd8 28. h4 a5 29. h5 Qd1 30. g4 b5 31. Rc5 Rd4 32. Rc8+
Rd8 33. Rxd8+ Qxd8 34. a4 bxa4 35. bxa4 Kg8 36. Kg3 Qd2 37. Qc6 Kh7 38. Qc7
Qd3+ 39. f3 Qd1 40. Qxf7 Qg1+ 41. Kh3 Qh1+ 42. Kg3 Qg1+ 43. Kh3 Qh1+
1/2-1/2

[Event "GCT 2021 Parigi - Rapid"]
[Site "Parigi"]
[Date "19.06.2021"]
[Round "4R"]
[White "Vachier Lagrave, Maxime"]
[Black "Bacrot, Etienne"]
[Result "0-1"]
[WhiteElo "2760"]
[BlackElo "2678"]
[EventDate "2021.06.18"]

1. b3 Nf6 2. Bb2 g6 3. g3 Bg7 4. Bg2 O-O 5. c4 d6 6. e3 Nc6 7. Ne2 e5 8.
Nbc3 Be6 9. O-O Qd7 10. Nd5 Bh3 11. Bxh3 Qxh3 12. Nxf6+ Bxf6 13. f4 Bg7 14.
f5 gxf5 15. Nc3 Ne7 16. Nd5 Nxd5 17. cxd5 Rac8 18. Rc1 Qg4 19. Rc4 Qxd1 20.
Rxd1 c5 21. Rf1 b5 22. Rh4 c4 23. b4 f4 24. gxf4 f5 25. Rh5 Rcd8 26. Bc3
Rd7 27. fxe5 dxe5 28. Rfxf5 Rxf5 29. Rxf5 Rxd5 30. Kf2 Rd3 31. Ke2 a6 32.
Kd1 h6 33. Rf2 Rd7 34. Rf1 Kh7 35. Kc2 Kg6 36. a4 Bf6 37. axb5 axb5 38. Ra1
Rd6 39. Ra5 Rb6 40. Kd1 Kf5 41. Ke2 Kg4 42. Ra8 Kh3 43. Kf3 Kxh2 44. Rg8 h5
45. Rg6 Rd6 46. Ke4 Kh3 47. Kf5 Be7 48. Rg7 Bf8 49. Rg8 Bh6 50. Kxe5 Rd3
51. Ke4 Bxe3 52. dxe3 Rxc3 53. Rg5 h4 54. Rxb5 Rc1 55. Rg5 Kh2 56. Kd4 h3
57. b5 c3 58. b6 Rb1 59. Kxc3 Rxb6 60. Kd4 Rb4+ 61. Kd3 Rb2 62. Ke4 Rg2 63.
Rh5 Kg3 64. Ke5 Ra2 65. Rh8 Ra5+ 66. Kf6 Ra4 67. Kf5 Rh4 68. Rg8+ Kf2 0-1

[Event "GCT 2021 Parigi - Rapid"]
[Site "Parigi"]
[Date "19.06.2021"]
[Round "4R"]
[White "Firouzja, Alireza"]
[Black "Caruana, Fabiano"]
[Result "1/2-1/2"]
[WhiteElo "2759"]
[BlackElo "2820"]
[EventDate "2021.06.18"]

1. e4 e5 2. Nf3 Nc6 3. Bc4 Bc5 4. d3 Nf6 5. Bg5 h6 6. Bh4 Be7 7. Bg3 d6 8.
a4 O-O 9. Nbd2 Be6 10. Bxe6 fxe6 11. c3 a5 12. O-O Nd7 13. Nc4 Qe8 14. Re1
Qg6 15. d4 exd4 16. cxd4 Nb4 17. Qb3 b6 18. Rac1 Kh8 19. Na3 c5 20. Qd1
Rad8 21. Nb5 cxd4 22. Nxd6 Nc5 23. Ne5 Qf6 24. Ndc4 Kh7 25. h4 h5 26. Nxb6
d3 27. Re3 Qh6 28. Nbc4 g5 29. Nf3 gxh4 30. Bc7 Rc8 31. Bxa5 Nc2 32. Bd2
Qf6 33. Nfe5 Nxe3 34. Bxe3 Kg7 35. Qxh5 Rh8 36. Qg4+ Kh7 37. Nf3 Rcg8 38.
Qh5+ Kg7 39. Qxh8+ Rxh8 40. Bd4 Nxe4 41. Bxf6+ Kxf6 42. Rd1 Rd8 43. Nce5 d2
44. Kf1 Rc8 45. Ng4+ Kg7 46. Nxd2 Nxd2+ 47. Rxd2 Rc4 48. Ne5 Rxa4 49. Rd7
Kf6 50. Nd3 Rc4 51. f4 Bf8 52. Ke2 Rc2+ 53. Kf3 Be7 54. Rb7 Bd6 55. Nf2 Bc7
56. Ng4+ Kg6 57. Ne3 Rc1 58. Kg4 Kf6 59. Rb4 Re1 60. Kf3 Rh1 61. Rb7 Rc1
62. b4 Rc3 63. Ke4 Bd6 64. Rb6 Ke7 65. f5 Rc1 66. f6+ Kd7 67. f7 Rc8 68.
Ng4 Rc4+ 69. Ke3 Rxg4 70. Rxd6+ Ke7 71. Rd7+ Kf8 72. b5 Rb4 73. Rb7 e5 74.
b6 e4 75. Kf4 Kg7 76. Ke3 Kf8 77. Kd2 Rb3 78. Ke2 e3 79. Kf3 Kg7 80. Kg4 e2
81. Re7 Rxb6 82. Rxe2 Rb4+ 83. Kh3 Kxf7 84. g3 hxg3 1/2-1/2

[Event "GCT 2021 Parigi - Rapid"]
[Site "Parigi"]
[Date "19.06.2021"]
[Round "4R"]
[White "Svidler, Peter"]
[Black "Radjabov, Teimour"]
[Result "1/2-1/2"]
[WhiteElo "2714"]
[BlackElo "2765"]
[EventDate "2021.06.18"]

1. e4 e6 2. d4 d5 3. Nc3 Nf6 4. e5 Nfd7 5. f4 c5 6. Nf3 Nc6 7. Be3 cxd4 8.
Nxd4 Qb6 9. Qd2 Qxb2 10. Rb1 Qa3 11. Bb5 Nxd4 12. Bxd4 a6 13. Bxd7+ Bxd7
14. Rb3 Qe7 15. Rxb7 Rc8 16. O-O Qd8 17. Ne2 Be7 18. Bb6 Bc5+ 19. Bxc5 Rxc5
20. Nd4 O-O 21. h3 Qc8 22. Rb3 Ba4 23. Rg3 Bxc2 24. f5 Bxf5 25. Rxf5 exf5
26. Rxg7+ Kxg7 27. Qg5+ Kh8 28. Qf6+ Kg8 29. Qg5+ Kh8 30. Qf6+ Kg8 1/2-1/2

[Event "GCT 2021 Parigi - Rapid"]
[Site "Parigi"]
[Date "19.06.2021"]
[Round "5R"]
[White "Radjabov, Teimour"]
[Black "So, Wesley"]
[Result "1/2-1/2"]
[WhiteElo "2765"]
[BlackElo "2770"]
[EventDate "2021.06.18"]

1. d4 Nf6 2. c4 e6 3. Nf3 d5 4. Nc3 Bb4 5. Bg5 dxc4 6. e4 h6 7. Bxf6 Qxf6
8. Bxc4 c5 9. e5 Qd8 10. d5 exd5 11. Bxd5 Bxc3+ 12. bxc3 O-O 13. O-O Nc6
14. Qb3 Na5 15. Qd1 Be6 16. Bxe6 fxe6 17. Qa4 Nc6 18. Rab1 Qe7 19. Qb5 Rf7
20. Rfd1 Raf8 21. Rd3 a6 22. Qa4 Rf4 23. Qd1 b5 24. Qd2 Qe8 25. Re1 Qg6 26.
Kh1 Qf5 27. Rd6 Rxf3 28. gxf3 Qxf3+ 29. Kg1 Qg4+ 30. Kh1 Qf3+ 31. Kg1 Qg4+
32. Kh1 Qf3+ 33. Kg1 1/2-1/2

[Event "GCT 2021 Parigi - Rapid"]
[Site "Parigi"]
[Date "19.06.2021"]
[Round "5R"]
[White "Caruana, Fabiano"]
[Black "Svidler, Peter"]
[Result "1-0"]
[WhiteElo "2820"]
[BlackElo "2714"]
[EventDate "2021.06.18"]

1. e4 c5 2. Nf3 e6 3. d4 cxd4 4. Nxd4 a6 5. Bd3 Bc5 6. Nb3 Be7 7. Qg4 g6 8.
Qe2 d6 9. Be3 Nd7 10. N1d2 Ngf6 11. Bh6 Ne5 12. O-O Neg4 13. Bg7 Rg8 14.
Bxf6 Nxf6 15. f4 e5 16. fxe5 dxe5 17. Nc4 Be6 18. Kh1 Qc7 19. Ne3 Kf8 20.
c4 Kg7 21. Nd2 Rge8 22. Nd5 Bxd5 23. cxd5 Rac8 24. a4 Rf8 25. a5 Ne8 26.
Nc4 Bc5 27. Qg4 Bd4 28. Ra2 Nd6 29. b3 Qe7 30. h4 h5 31. Qh3 Rc7 32. g4
hxg4 33. Qxg4 Rh8 34. Rh2 Rh5 35. Rh3 Qd7 36. Qg2 Rc8 37. Be2 Rch8 38. Bxh5
Rxh5 39. Nxd6 Qxd6 40. Qg4 Qd8 41. Kg2 Rh7 42. h5 Qxa5 43. Rxf7+ 1-0

[Event "GCT 2021 Parigi - Rapid"]
[Site "Parigi"]
[Date "19.06.2021"]
[Round "5R"]
[White "Bacrot, Etienne"]
[Black "Firouzja,Alireza"]
[Result "1/2-1/2"]
[WhiteElo "2678"]
[BlackElo "2759"]
[EventDate "2021.06.18"]

1. Nf3 d5 2. e3 Nf6 3. c4 e6 4. Nc3 Be7 5. b3 O-O 6. Bb2 b6 7. d4 Bb7 8.
Bd3 Nbd7 9. O-O a6 10. Qc2 dxc4 11. bxc4 c5 12. d5 exd5 13. Nxd5 Bxd5 14.
cxd5 b5 15. Rad1 Bd6 16. Bf5 Re8 17. e4 Qc7 18. Rfe1 c4 19. Re3 Rad8 20. g3
Ne5 21. Nd4 b4 22. Nc6 Nxc6 23. Bxf6 gxf6 24. dxc6 Qxc6 25. Red3 Kf8 26.
Rd5 c3 27. Qd3 c2 28. Rc1 Qc3 29. Rxc2 Qxd3 30. Rxd3 Be5 31. Rcd2 Rxd3 32.
Rxd3 a5 33. Bd7 Rd8 34. Bb5 Rxd3 35. Bxd3 Ke7 36. Kf1 Kd6 37. Bc4 Kc5 38.
Bxf7 Kd4 39. f3 a4 40. Kg2 Ke3 41. Bg8 h6 42. Bd5 Kd4 43. Bf7 Ke3 44. Be6
Bc7 45. Bd5 Kd4 46. Kh3 f5 47. Kh4 f4 48. gxf4 Bxf4 49. h3 Ke5 1/2-1/2